LEADER 01216nam0-2200409---450 001 990005676980203316 005 20180308151032.0 035 $a000567698 035 $aUSA01000567698 035 $a(ALEPH)000567698USA01 035 $a000567698 100 $a20051018d1979----|||y0itaa50------ba 101 $afre 102 $afr 105 $a0 00||| 200 1 $a<> système stoicien et l'idée de temps$fpar Victor Goldschmidt 205 $a4. éd. rev. et augment 210 $aParis$cVrin$d1979 215 $a270 p.$d22 cm. 225 2 $aBibliotheque d'histoire de la philosophie 410 0$12001$aBibliotheque d'histoire de la philosophie 606 $aTEMPO$xCONCEZIONE STOICA$2F 620 $dPARIS 676 $a115 700 1$aGOLDSCHMIDT,$bVictor$0162169 801 0$aIT$bSA$c20111219 899 $aDipar.to di Filosofia - Salerno$2SADF 912 $a990005676980203316 950 0$aDipar.to di Filosofia - Salerno$dDFFGS GOL$e583 FIL 951 $aFGS GOL$b583 FIL 959 $aBK 969 $aFIL 979 $c20121027$lUSA01$h1526 979 $c20121027$lUSA01$h1615 996 $aSystème stoïcien et l'idée de temps$9269197 997 $aUNISA NUM $aSA0015337 LEADER 03127nam 22006135 450 001 9910254537803321 005 20200630035053.0 010 $a1-4939-2413-3 024 7 $a10.1007/978-1-4939-2413-4 035 $a(CKB)3710000000531751 035 $a(EBL)4189297 035 $a(SSID)ssj0001597169 035 $a(PQKBManifestationID)16296534 035 $a(PQKBTitleCode)TC0001597169 035 $a(PQKBWorkID)14886345 035 $a(PQKB)11391250 035 $a(DE-He213)978-1-4939-2413-4 035 $a(MiAaPQ)EBC4189297 035 $a(PPN)190879610 035 $a(EXLCZ)993710000000531751 100 $a20151211d2016 u| 0 101 0 $aeng 135 $aur|n|---||||| 181 $ctxt 182 $cc 183 $acr 200 10$aBasic Electrocardiography /$fby Brent G. Petty 205 $a1st ed. 2016. 210 1$aNew York, NY :$cSpringer New York :$cImprint: Springer,$d2016. 215 $a1 online resource (146 p.) 300 $aIncludes index. 311 $a1-4939-2412-5 320 $aIncludes bibliographical references at the end of each chapters and index. 327 $aComponents of the Electrocardiogram: the Normal Tracing -- Axis -- Myocardial Infarction and Ischemia -- Atrioventricular (AV) Block -- Bundle Branch Blocks and Hemiblocks -- Chamber Enlargement -- Arrhythmias. 330 $aThis handy workbook covers the essential components of electrocardiography (ECG or EKG) and is useful in helping the reader identify a number of conditions, including arrhythmias, conduction blocks and heart attacks. Basic Electrocardiography reviews the fundamentals of this modality, from recognizing the normal tracing to specifics like identifying bundle branch blocks or ventricular fibrillation. This book will teach students not only the skills to interpret the electrocardiogram but also the language of electrocardiograms. Each chapter introduces basic themes, gives examples from actual patient tracings, and provides self-test electrocardiograms that will reinforce key concepts. Designed for the clerkship student, resident, or even the practicing professional who wants to brush up on EKG particulars, Basic Electrocardiography is a user-friendly guide to one of medicine's most useful tools. 606 $aInternal medicine 606 $aCardiology 606 $aMedicine 606 $aInternal Medicine$3https://scigraph.springernature.com/ontologies/product-market-codes/H33002 606 $aCardiology$3https://scigraph.springernature.com/ontologies/product-market-codes/H33037 606 $aMedicine/Public Health, general$3https://scigraph.springernature.com/ontologies/product-market-codes/H00007 608 $aHandbook. 615 0$aInternal medicine. 615 0$aCardiology. 615 0$aMedicine. 615 14$aInternal Medicine. 615 24$aCardiology. 615 24$aMedicine/Public Health, general. 676 $a610 700 $aPetty$b Brent G$4aut$4http://id.loc.gov/vocabulary/relators/aut$0972171 906 $aBOOK 912 $a9910254537803321 996 $aBasic Electrocardiography$92210307 997 $aUNINA